[Event "Titled Tuesday intern op 01st Apr Early"]
[Site "Chess.com INT"]
[Date "2025.04.01"]
[Round "5"]
[White "Cieslak, Patryk"]
[Black "Asgharzadeh, Mitra"]
[Result "1-0"]
[WhiteElo "2411"]
[BlackElo "1984"]
[PlyCount "321"]
[EventDate "2025.04.01"]
[EventType "swiss (blitz)"]
[EventRounds "11"]
[EventCountry "USA"]
[SourceTitle "CB15_2025"]
[SourceDate "2025.04.09"]
[SourceVersion "1"]
[SourceVersionDate "2025.04.09"]
[SourceQuality "1"]

1. c4 Nf6 2. Nf3 g6 3. Nc3 Bg7 4. h4 c5 5. g3 d5 6. cxd5 Nxd5 7. Bg2 Nc6 8. h5 Nc7 9. h6 Bf6 10. Ne4 Bf5 11. Nxc5 Rb8 12. Qa4 Qd5 13. Nxb7 Bd7 14. Nh4 Nd4 15. Qxa7 Rxb7 16. Qxb7 Qxb7 17. Bxb7 Nc2+ 18. Kd1 Nxa1 19. Nf3 0-0 20. d4 Rb8 21. Be4 Ne6 22. e3 Ng5 23. Nxg5 Bxg5 24. b3 Nxb3 25. axb3 Rxb3 26. Kc2 Rb8 27. Ba3 Ba4+ 28. Kd2 Bb3 29. f4 Bf6 30. Rb1 Rb5 31. Bd3 Rb7 32. Bc4 Bxc4 33. Rxb7 Bg7 34. Rb8+ Bf8 35. Bxe7 f5 36. Bc5 Kf7 37. Rxf8+ Ke6 38. Ke1 Kd5 39. Kf2 Ke4 40. Kg1 Kxe3 41. Kh2 Kf3 42. Kh3 Bf1+ 43. Kh4 Ke4 44. Rf6 Kf3 45. Rd6 Ke4 46. Rd8 Kf3 47. Rb8 Ke4 48. Rb2 Bd3 49. Rb3 Bc4 50. Ra3 Bd5 51. Kg5 Be6 52. Kf6 Bd5 53. Bd6 g5 54. Be5 gxf4 55. Bxf4 Be6 56. Kg5 Bf7 57. Ra1 Bh5 58. Rc1 Bg6 59. Kf6 Kd5 60. Ke7 Ke4 61. Kd8 Kd5 62. Kc7 Kxd4 63. Re1 Kd5 64. Re3 Kd4 65. Kb6 Kd5 66. Ka5 Kd4 67. Kb4 Kd5 68. Ka3 Kd4 69. Kb2 Kd5 70. Kc1 Kd4 71. Kd2 Kd5 72. Ke1 Kd4 73. Kf2 Kd5 74. Kg1 Kd4 75. Kh2 Kd5 76. Kh3 Kd4 77. Kh4 Kd5 78. Kg5 Kd4 79. Re5 Kd3 80. Kf6 Kd4 81. Rxf5 Ke4 82. Re5+ Kf3 83. Kg5 Kg2 84. Re3 Kh3 85. Kf6 Kg2 86. Ke7 Kf2 87. Kd6 Kg2 88. Kc7 Kf2 89. Kb6 Kg2 90. Kc5 Kf2 91. Kb4 Kg2 92. Kc3 Kf2 93. Kb2 Kg2 94. Ka3 Kf2 95. Kb3 Kg2 96. Ka2 Kf2 97. Kb2 Kg2 98. Kc1 Kf2 99. Kd2 Kg2 100. Ke1 Kh2 101. Rc3 Kg2 102. Ra3 Kh2 103. Ra5 Kg2 104. Ra7 Kh2 105. Rc7 Kg2 106. Rc3 Kh2 107. Kd1 Kg2 108. Kc1 Kh2 109. Kb2 Kg2 110. Ka3 Kh2 111. Kb4 Kg2 112. Rc6 Kh2 113. Rxg6 hxg6 114. h7 g5 115. Be5 Kg2 116. h8N g4 117. Kc5 Kf3 118. Kd5 Kg2 119. Nf7 Kf3 120. Nd6 Kg2 121. Ne4 Kf3 122. Nf6 Kg2 123. Nxg4 Kh3 124. Nf6 Kg2 125. Ke6 Kf3 126. Kf5 Kg2 127. Bf4 Kh3 128. Ne4 Kh2 129. Nc5 Kh3 130. Nb3 Kg2 131. Nd4 Kh3 132. Ne6 Kg2 133. Kg4 Kf2 134. Ng5 Ke2 135. Be5 Kf2 136. Kf4 Kg2 137. g4 Kh2 138. Ne4 Kh1 139. g5 Kg2 140. Bf6 Kh1 141. Kf5 Kh2 142. Nd6 Kh1 143. Nf7 Kh2 144. g6 Kh1 145. g7 Kh2 146. Ng5 Kh1 147. g8R Kg2 148. Ke4 Kf2 149. Bd4+ Ke2 150. Ra8 Kd2 151. Ra2+ Ke1 152. Ne6 Kf1 153. Be3 Ke1 154. Rd2 Kf1 155. Nf4 Ke1 156. Rd3 Kf1 157. Rd4 Ke1 158. Rd5 Kf1 159. Rd6 Ke1 160. Rd7 Kf1 161. Rd1# 1-0

[Event "Titled Tuesday intern op 01st Apr Late"]
[Site "Chess.com INT"]
[Date "2025.04.01"]
[Round "6"]
[White "Cieslak, Patryk"]
[Black "Zieba, Hubert"]
[Result "0-1"]
[WhiteElo "2432"]
[BlackElo "2233"]
[PlyCount "114"]
[EventDate "2025.04.01"]
[EventType "swiss (blitz)"]
[EventRounds "11"]
[EventCountry "USA"]
[SourceTitle "CB21_2025"]
[SourceDate "2025.05.21"]
[SourceVersion "1"]
[SourceVersionDate "2025.05.21"]
[SourceQuality "1"]

1. Nf3 Nf6 2. d4 d5 3. Bf4 c5 4. e3 Nc6 5. Nc3 a6 6. dxc5 e6 7. Na4 Bxc5 8. Nxc5 Qa5+ 9. c3 Qxc5 10. Bd3 Qe7 11. Ne5 Bd7 12. 0-0 0-0 13. Qf3 Nxe5 14. Bxe5 Bc6 15. Qh3 h6 16. Qg3 Nh5 17. Qg4 Qg5 18. Qd4 Qe7 19. a4 Nf6 20. Qh4 Rfe8 21. Qg3 Nh5 22. Qg4 Nf6 23. Qg3 Nh5 24. Qf3 Nf6 25. Bxf6 Qxf6 26. Qxf6 gxf6 27. g3 f5 28. Rfd1 Kg7 29. Bc2 Kf6 30. Rd4 b5 31. Rh4 Kg7 32. Kf1 bxa4 33. Bxa4 Bxa4 34. Rhxa4 Reb8 35. R1a2 Rb6 36. Ke2 Rab8 37. b4 Rc8 38. Kd3 Rcc6 39. Ra5 Kf6 40. R2a3 Ke7 41. Kd4 Rc4+ 42. Kd3 Rcc6 43. Rc5 Rxc5 44. bxc5 Rb2 45. f4 Rxh2 46. Rxa6 Kd7 47. c6+ Kd6 48. Ra7 Kxc6 49. Rxf7 Rh3 50. Rg7 h5 51. Kd4 Kd6 52. Rg8 h4 53. g4 fxg4 54. Rxg4 Rh1 55. Kd3 h3 56. Rh4 h2 57. Ke2 Ra1 0-1